000 00693nam a2200217Ii 4500
003 JO-AjNU
008 230606s9999||||xx |||||||||||||| ||und||
020 _a978-0-367-02468-0/978-0-367-02469-7/978-0-429-39942-8
040 _aJO-AjNU
_beng
_erda
_cJO-AjNU
041 _aeng
050 1 4 _aD16.2.2020
100 3 _aSinger,Alan J,
_eauthor
_96144
245 0 0 _aTEACHING GLOBAL HISTORY: A Social Studies Approach
250 _a2th ed
264 3 1 _aNew York and London:Routledge,2020
300 _a217p
_bIncludes bibliographical references
336 _atext
_btxt
_2rdacontent
337 _aunmediated
_bn
_2rdamedia
338 _avolume
_bnc
_2rdacarrier
650 4 _aGLOBAL HISTORY
_96145
999 _aE3189
_c3185
_d3185